| 000 | 00497nam a2200205Ia 4500 | ||
|---|---|---|---|
| 005 | 20240823021741.0 | ||
| 008 | 240823s9999||||xx |||||||||||||| ||und|| | ||
| 020 | _a0-07-047381-1 | ||
| 041 | _aENGLISH | ||
| 082 | _A658.8342 P6 | ||
| 100 | _a"Loudon,David L" | ||
| 245 | 0 | _aConsumer Behaviour | |
| 250 | _a4th | ||
| 260 |
_c2006 _b"TMH,New " _aNew Delhi |
||
| 500 | _aYES | ||
| 650 |
_aConsumer _bManagement Studies |
||
| 700 | _a" Bitta,Albert Della J" | ||
| 942 | _cBK | ||
| 999 |
_c177661 _d177661 |
||